Sevilla FC Squad 2018-2019 - Statistics

General Stats
  • This quiz has been taken 15 times
  • The average score is 15 of 29
Answer Stats
# Position Nation Player % Correct
4 DF Denmark Simon Kjær
100%
18 DF Spain Sergio Escudero
86%
1 GK Czech Republic Tomáš Vaclík
86%
6 DF Portugal Daniel Carriço
71%
10 MF Argentina Éver Banega
71%
16 DF Spain Jesús Navas
71%
9 FW France Wissam Ben Yedder
71%
11 DF Spain Aleix Vidal
57%
12 FW Portugal André Silva
57%
25 DF Argentina Gabriel Mercado
57%
23 DF Brazil Guilherme Arana
57%
14 FW Colombia Luis Muriel
57%
14 DF Austria Maximilian Wöber
57%
19 FW Morocco Munir El Haddadi
57%
8 FW Spain Nolito
57%
7 MF Spain Roque Mesa
57%
22 MF Argentina Franco Vázquez
43%
- Coach Spain Joaquín Caparrós
43%
24 DF France Joris Gnagnon
43%
20 MF Croatia Marko Rog
43%
- Coach Spain Pablo Machín
43%
17 MF Spain Pablo Sarabia
43%
21 FW Netherlands Quincy Promes
43%
20 MF Spain Borja Lasso
29%
41 FW Spain Bryan Gil
29%
5 MF France Ibrahim Amadou
29%
13 GK Spain Juan Soriano
29%
3 DF Spain Sergi Gómez
29%
15 MF France Maxime Gonalons
14%
No matching quizzes found
Score Distribution
Percent of People with Each Score
Percentile by Number Answered
Your Score History
You have not taken this quiz